Detalles MARC
| 000 -LEADER |
| fixed length control field |
03258nam a2200421Ii 4500 |
| 001 - CONTROL NUMBER |
| control field |
DIGBIN02348 |
| 003 - CONTROL NUMBER IDENTIFIER |
| control field |
NyNyDIG |
| 006 - FIXED-LENGTH DATA ELEMENTS--ADDITIONAL MATERIAL CHARACTERISTICS |
| fixed length control field |
m o d |
| 007 - PHYSICAL DESCRIPTION FIXED FIELD--GENERAL INFORMATION |
| fixed length control field |
cr ||||||||||| |
| 008 - FIXED-LENGTH DATA ELEMENTS--GENERAL INFORMATION |
| fixed length control field |
100625s2002 sp o 000 0 spa d |
| 020 ## - INTERNATIONAL STANDARD BOOK NUMBER |
| Canceled/invalid ISBN |
8497421264 |
| 020 ## - INTERNATIONAL STANDARD BOOK NUMBER |
| Canceled/invalid ISBN |
9788497421263 |
| 035 ## - SYSTEM CONTROL NUMBER |
| System control number |
(OCoLC)888257294 |
| 040 ## - CATALOGING SOURCE |
| Original cataloging agency |
DGITA |
| Language of cataloging |
eng |
| Description conventions |
pn |
| Transcribing agency |
DGITA |
| 043 ## - GEOGRAPHIC AREA CODE |
| Geographic area code |
e-sp--- |
| 050 14 - LIBRARY OF CONGRESS CALL NUMBER |
| Classification number |
JN8395.I93 eBook |
| 245 03 - TITLE STATEMENT |
| Title |
Un futuro para la izquierda : |
| Remainder of title |
20 años de Izquierda Socialista / |
| Statement of responsibility, etc. |
Izquierda Socialista. |
| 264 #1 - PRODUCTION, PUBLICATION, DISTRIBUTION, MANUFACTURE, AND COPYRIGHT NOTICE |
| Place of production, publication, distribution, manufacture |
Madrid : |
| Name of producer, publisher, distributor, manufacturer |
Biblioteca Nueva, |
| Date of production, publication, distribution, manufacture, or copyright notice |
2002. |
| 300 ## - PHYSICAL DESCRIPTION |
| Extent |
1 online resource (188 pages) |
| 336 ## - CONTENT TYPE |
| Content type term |
text |
| Content type code |
txt |
| Source |
rdacontent |
| 337 ## - MEDIA TYPE |
| Media type term |
computer |
| Media type code |
c |
| Source |
rdamedia |
| 338 ## - CARRIER TYPE |
| Carrier type term |
online resource |
| Carrier type code |
cr |
| Source |
rdacarrier |
| 490 1# - SERIES STATEMENT |
| Series statement |
Ensayos |
| 500 ## - GENERAL NOTE |
| General note |
Papers from a meeting held by the Universidad de Alicante in Benissa Mar. 30-Apr. 1, 2001. |
| 504 ## - BIBLIOGRAPHY, ETC. NOTE |
| Bibliography, etc. note |
Includes bibliographical references (p. [415]-446). |
| 505 0# - FORMATTED CONTENTS NOTE |
| Formatted contents note |
Prólogo / Coordinadora federal de Izquierda Socialista -- 20 años de izquierda socialista / Antonio García Santesmases -- Reflexiones sobre el nuevo orden internacional / Fernando Moran -- La pervivencia del socialismo / Santiago Carrillo -- Desde la izquierda socialista de cataluña / Francesc Casares -- Derrotas y victorias en los veinte años de izquierda socialista / Joan Garcés -- El mundo después del 11 de septiembre / Ignacio Sotelo -- La globalización y el papel de los sindicatos / Nicolás Redondo -- Los sindicatos y su futuro / José María Zufiaur -- Ayer y hoy del movimiento obrero en España / Julián Atiza -- El psoe: un partido plural y transformador / Ana Noguera Montagud -- El partido socialista que queremos / Matilde Fernández -- La lucha por la democracia interna en el seno del psoe / Vicent Garcés -- Veinte años después / Marcos Gutiérrez 99 -- Lo ético es lo práctico / Carlos López Riaño -- El valor de la igualdad / Luis Gómez Llórente -- La encrucijada del partido / Mario Salvatierra -- Ser de izquierdas hoy / Juan Antonio Barrio de Penagos -- Reflexiones sobre el futuro de la izquierda / Francisco Fernández Marugán -- La construcción de un ala izquierda en el PSOE / Manuel de la Rocha -- Las señas de identidad de las políticas de izquierda hoy / Josep Borrell -- Socialismo y política / Pedro Sabando Suárez -- La fatiga de las palabras / Elías Díaz -- Saludo sin complacencia / Manuel Reyes Mate -- Reflexiones de un sindicalista / Juan Sánchez -- La definición de la oferta política / Adolfo Pinedo -- Socialismo y ecología / Cristina Narbona -- Izquierda socialista francesa / Bernard Pignerol -- Izquierda socialista alemana / Detlev von Larcher -- Izquierda socialista alemana / Niels Annen -- Izquierda socialista suiza / P. Muller |
| 610 20 - SUBJECT ADDED ENTRY--CORPORATE NAME |
| Corporate name or jurisdiction name as entry element |
Izquierda Socialista (Spain) |
| 610 20 - SUBJECT ADDED ENTRY--CORPORATE NAME |
| Corporate name or jurisdiction name as entry element |
P.S.O.E. (Political party) |
| 650 #0 - SUBJECT ADDED ENTRY--TOPICAL TERM |
| Topical term or geographic name entry element |
Socialism |
| Geographic subdivision |
Spain. |
| 655 #0 - INDEX TERM--GENRE/FORM |
| Genre/form data or focus term |
Electronic books. |
| 710 2# - ADDED ENTRY--CORPORATE NAME |
| Corporate name or jurisdiction name as entry element |
Izquierda Socialista (Spain) |
| 791 2# - |
| -- |
Digitalia (Firm), |
| -- |
distributor. |
| 793 0# - |
| -- |
Digitalia eBook Collection: |
| -- |
Biblioteca Nueva |
| 830 #0 - SERIES ADDED ENTRY--UNIFORM TITLE |
| Uniform title |
Ensayos (Biblioteca Nueva (Firm)) |
| 856 40 - ELECTRONIC LOCATION AND ACCESS |
| Materials specified |
Digitalia Hispánica |
| Uniform Resource Identifier |
<a href="https://www.digitaliapublishing.com/a/4965/">https://www.digitaliapublishing.com/a/4965/</a> |
| 910 ## - USER-OPTION DATA (OCLC) |
| User-option data |
Premium Collection: 2007-2012 |
| 942 ## - ADDED ENTRY ELEMENTS (KOHA) |
| Koha item type |
Recurso Electrónico |